| 000 | 00394nam a2200145Ia 4500 | ||
|---|---|---|---|
| 008 | 231129s2006||||xx |||||||||||||| ||spa|| | ||
| 020 | _a84-261-2002-4 | ||
| 040 | _bspa | ||
| 082 | _a(i) 823 ó98pr | ||
| 100 | _aOxenbury Helen | ||
| 245 | 0 | _aEl primer día de escuela | |
| 260 | _c2006 | ||
| 264 | _aBarcelona España : Juventud | ||
| 942 |
_2ddc _cBKS |
||
| 999 |
_c12172 _d12172 |
||